Score 0/50 Timer 00:30
0 Plays Today
% Correct
lol
99.3%
lol
96.4%
lol
94.6%
lol
94.4%
lol
93.3%
lol
92.8%
lol
92%
lol
90.8%
lol
90.5%
lol
89%
lol
88.4%
lol
87.4%
lol
86.2%
lol
85.4%
lol
83.4%
lol
80.6%
lol
79.3%
lol
78%
lol
76.8%
lol
75.6%
lol
73.6%
lol
71.1%
lol
68.7%
lol
67.3%
lol
65.7%
% Correct
lol
63.5%
lol
61.7%
lol
59.2%
lol
57%
lol
54.9%
lol
52.2%
lol
49.9%
lol
47.4%
lol
45.2%
lol
44.2%
lol
43.2%
lol
41.8%
lol
40.4%
lol
38.7%
lol
37.6%
lol
36%
lol
34.9%
lol
34.5%
lol
34%
lol
33.3%
lol
32.4%
lol
32%
lol
31.3%
lol
30.7%
lol
30.1%

You're not logged in!

Compare scores with friends on all Sporcle quizzes.
OR
Log In

Sporcle TV

Today on Sporcle TV


Watch our educational content, quiz creation guides, and fun videos on Sporcle TV.

Show Comments

Extras

Created Oct 3, 2013ReportNominate
Tags:Typing Quiz, lol

Top Quizzes Today


Score Distribution

Paid Content

Your Account Isn't Verified!

In order to create a playlist on Sporcle, you need to verify the email address you used during registration. Go to your Sporcle Settings to finish the process.

Report this User

Report this user for behavior that violates our Community Guidelines.

Details: